Thunchathezhuthachan (Record no. 16401)
[ view plain ]
| 000 -LEADER | |
|---|---|
| fixed length control field | 00224nam a22000977a 4500 |
| 003 - CONTROL NUMBER IDENTIFIER | |
| control field | OSt |
| 008 - FIXED-LENGTH DATA ELEMENTS--GENERAL INFORMATION | |
| fixed length control field | 210112b ||||| |||| 00| 0 eng d |
| 100 ## - MAIN ENTRY--AUTHOR NAME | |
| Personal name | Narayana Pillai, P. K |
| 245 ## - TITLE STATEMENT | |
| Title | Thunchathezhuthachan |
| 942 ## - ADDED ENTRY ELEMENTS (KOHA) | |
| Koha item type | Books |
| Withdrawn status | Lost status | Damaged status | Home library | Current library | Date acquired | Accession Number | Koha item type |
|---|---|---|---|---|---|---|---|
| Withdrawn | KAUAET | Malayalam University | 12/01/2021 | 74 | Books |
